000 00625cab a2200193 4500
001 ABS38894
008 090401t1988 xxu||||| |||| 00| 0 eng d
035 _a(Sirsi) u13154
041 _aeng
100 _aMoore, M.
245 _aRidgeview development
260 _c1988
350 _a0
490 _aChartered Quantity Surveyor
_v10(7) March 1988, 20-21(2)
520 _aProject analysis on an accommodation centre for single homeless people developed by Wimpey in London Colney Hertfordshire, on behalf of St Albans City Council.
690 _aBUILDING AND CONSTRUCTION-PROJECTS
942 _n0
948 _c04/03/1997
999 _c8462
_d8462